Lower Cretaceous stratigraphy of Mississippi, (Record no. 28904)

MARC details
000 -LEADER
fixed length control field 00929cam a22002771 4500
001 - CONTROL NUMBER
control field gs 54000291
003 - CONTROL NUMBER IDENTIFIER
control field DLC
005 - DATE AND TIME OF LATEST TRANSACTION
control field 20260227111402.0
008 - FIXED-LENGTH DATA ELEMENTS--GENERAL INFORMATION
fixed length control field 780906s1954 xx 000 0 eng c
010 ## - LIBRARY OF CONGRESS CONTROL NUMBER
LC control number gs 54000291
035 ## - SYSTEM CONTROL NUMBER
System control number (OCoLC)4201813
040 ## - CATALOGING SOURCE
Original cataloging agency U.S. Geol. Survey. Libr.
Transcribing agency ScCC
Modifying agency DLC
042 ## - AUTHENTICATION CODE
Authentication code premarc
050 00 - LIBRARY OF CONGRESS CALL NUMBER
Classification number QE129
Item number .A2 no. 79
082 ## - DEWEY DECIMAL CLASSIFICATION NUMBER
Classification number *551.76
-- 551.77
100 1# - MAIN ENTRY--PERSONAL NAME
Personal name Nunnally, Jeff Dorris.
245 10 - TITLE STATEMENT
Title Lower Cretaceous stratigraphy of Mississippi,
Statement of responsibility, etc. by Jeff Dorris Nunnally and Henry Florey Fowler.
260 ## - PUBLICATION, DISTRIBUTION, ETC.
Place of publication, distribution, etc. University [Miss.]
Date of publication, distribution, etc. 1954.
300 ## - PHYSICAL DESCRIPTION
Extent 45 p.
Other physical details plates, maps, tables.
Dimensions 23 cm.
410 20 - SERIES STATEMENT/ADDED ENTRY--CORPORATE NAME [OBSOLETE, CAN/MARC], [LOCAL, USA]
Corporate name or jurisdiction name as entry element Mississippi Geological, Economic, and Topographical Survey
Title of a work Bulletin
Volume number/sequential designation 79
504 ## - BIBLIOGRAPHY, ETC. NOTE
Bibliography, etc. note "References": p. 45.
650 #0 - SUBJECT ADDED ENTRY--TOPICAL TERM
Topical term or geographic name entry element Geology
Geographic subdivision Mississippi.
650 #0 - SUBJECT ADDED ENTRY--TOPICAL TERM
Topical term or geographic name entry element Geology, Stratigraphic
Chronological subdivision Cretaceous.
650 #0 - SUBJECT ADDED ENTRY--TOPICAL TERM
Topical term or geographic name entry element Petroleum
General subdivision Geology
Geographic subdivision Mississippi.
700 1# - ADDED ENTRY--PERSONAL NAME
Personal name Fowler, Henry Florey.

No items available.

Powered by Koha